عرض عادي
عرض مارك
- Wong, Linda.
مدخل إسم شخص
001 - رقم الضبط
- حقل الضبط: 17608
003 - معرف رقم الضبط
- حقل الضبط: OSt
005 - تاريخ ووقت أخر عملية
- حقل الضبط: 20121023032427.0
008 - عناصر بيانات ثابتة الطول
- حقل تحكم ثابت الطول: 121023|||a|||||| | ||| d
040 ## - مصدر الفهرسة
- هيئة الفهرسة الأصلية: OSt
- وكالة الكتابة: OSt
100 ## - مدخل -- أسم شخص
- إسم شخص: Wong, Linda.
670 ## - بيانات المصدر موجوده
- الاستشهاد بالمصدر: Work cat.: (OSt)0: Wong, Linda., Essential study skills /, c2012.
